Harry potter characters by picture - Statistics

General Stats
  • This quiz has been taken 158 times
  • The average score is 14 of 16
Answer Stats
Picture Answer % Correct
Harry potter
100%
Hermione Granger
93%
Ron Weasley
93%
Albus Dumbledore
91%
Hagrid
91%
Draco Malfoy
90%
Dobby
88%
Luna Lovegood
87%
Sirius Black
87%
Voldemort
87%
Hedwig
86%
Molly Weasley
86%
Neville Longbottom
86%
Bellatrix Lestrange
84%
Cedric Diggory
82%
Minerva Mcgonagall
80%
No matching quizzes found
Score Distribution
Percent of People with Each Score
Percentile by Number Answered
Your Score History
You have not taken this quiz